000 00921nam a2200241 i 4500
001 135989
003 ES-MaACL
005 20231230063001.0
007 t|
008 070214s1965 sp |||| |dspa d
100 1 _aRuiz Iriarte, Víctor,
_d1912-1982
_9100836
245 1 0 _aTres maestros
_b: Arniches, Benavente y Valle-Inclán /
_cVíctor Ruiz Iriarte.
260 _aMadrid :
_bReal Escuela Superior de Arte Dramático,
_c1965.
300 _a30 p. ;
_c20 cm.
600 1 4 _aArniches, Carlos.
_923094
600 1 7 _aBenavente, Jacinto,
_d1866-1954-
_xCrítica e interpretación
_2
_9169710
600 1 4 _aValle-Inclán, Ramón del,
_d1866-1936-
_xCrítica e interpretación
_9112800
650 4 _aTeatro español-
_yS.XX-
_xHistoria y crítica.
_917361
710 2 _aReal Escuela Superior de Arte Dramático.
_96356
852 _aES-MaACL
_j2046-F-16
852 _aES-MaACL
_j2066-F-9
999 _c135989
_d135989